El mercado mundial de carne de cabra y sus perspectivas para Chile
Gardado en:
| Autor Corporativo: | |
|---|---|
| Formato: | Libro |
| Idioma: | Lingua castelá |
| Publicado: |
Santiago
Fundación Chile
2000
|
| Series: | Cadenas Agroalimentarias
|
| Subjects: | |
| Tags: |
Engadir etiqueta
Sen Etiquetas, Sexa o primeiro en etiquetar este rexistro!
|
MARC
| LEADER | 00000nam a2200000 a 4500 | ||
|---|---|---|---|
| 001 | UCN8891 | ||
| 003 | CL-VaPUC | ||
| 008 | 011123e20000600CL |||||||||||||||||spa|d | ||
| 082 | 0 | 4 | |a 636.39 |b MIN |2 21 |
| 110 | 2 | |a Ministerio de Agricultura |e author |9 465466 | |
| 245 | 1 | 3 | |a El mercado mundial de carne de cabra y sus perspectivas para Chile |
| 300 | |a 38 p | ||
| 942 | |c BK | ||
| 945 | |d 20011123 00:00:00 |a vberengu | ||
| 260 | |a Santiago |b Fundación Chile |c 2000 | ||
| 650 | 7 | |a CABRAS |2 CL-VaPUC |9 264456 | |
| 650 | 7 | |a PRODUCCION CAPRINA |2 CL-VaPUC |9 394503 | |
| 651 | 7 | |a CHILE |2 CL-VaPUC |9 465467 | |
| 583 | |a last modification |c 20011123 00:00:00 |k Rodrigo Vera | ||
| 490 | 0 | |a Cadenas Agroalimentarias | |
| 999 | |c 298627 |d 298625 | ||
| 952 | |0 0 |1 0 |4 0 |6 636_390000000000000_MIN_2000 |7 0 |8 A |9 354347 |a BIBAGR |b BIBAGR |d 2019-11-21 |i 3681688 |o 636.39 MIN 2000 |p 3681688 |r 2025-01-20 |w 2019-11-21 |y BK |k AGR | ||